| 000 | 01728nam a22003015a 4500 | ||
|---|---|---|---|
| 003 | OSt | ||
| 005 | 20170326125838.0 | ||
| 008 | 170313s2014 ua frb 000 0 ara d | ||
| 015 | _a2014 / 21068 | ||
| 020 | _a9789770476567 | ||
| 040 |
_aEG-ScBUE _bara _cEG-ScBUE |
||
| 043 | _af-ua--- | ||
| 082 | 0 | 4 |
_a342.62085 _bم ص ر _222 |
| 100 | 1 | _aمصري، حازم بيومي. | |
| 245 | 1 | 2 |
_aالوجيز في أحكام المحكمة الدستورية العليا في الحقوق والحريات : _bالضوابط والحدود / _cحازم بيومي المصري. |
| 250 | _aط. 1. | ||
| 260 |
_aالقاهرة : _bدار النهضة العربية، _c2014. |
||
| 300 |
_a207 ص. ؛ _c24 سم. |
||
| 504 | _aيشتمل على إرجاعات ببليوجرافية. | ||
| 505 | 0 | _aحق التقاضي - حق الدفاع - الحق في محاكمة عادلة - الحق في النقد - الحق في اختيار الزوج - الحق في الحضانة - الحق في الإرث - الحق في التنمية - الحق في المؤلف - الحريات الشخصية - حرية الرأي والاجتماع - حرية الصحافة - حرية العقيدة - حرية البحث العلمي - حرية الإقامة والتنقل - حرية إنشاء نقابات - الحق في الانتخابات. | |
| 610 | 1 | 7 |
_a مصر. _bالمحكمة الدستورية العليا. _2BUEsh _941178 |
| 650 | 7 |
_aحقوق الإنسان _xقوانين وتشريعات _zمصر. _2BUEsh _922148 |
|
| 650 | 7 |
_aالحرية _xقوانين وتشريعات _zمصر. _2BUEsh |
|
| 650 | 7 |
_aالمحاكم الدستورية _zمصر. _2BUEsh |
|
| 651 | _2BUEsh | ||
| 653 |
_bLLAAWW _cMarch2017 |
||
| 942 | _2ddc | ||
| 999 |
_c24518 _d24490 |
||